000 01256nam a2200529Ia 4500
001 3686
005 20240113233644.0
007 ta
008 170829s1964 ii a g b000 u 465 u
020 _cRs. 16.00 (HB)
040 _aCotton College,Assam
041 _aeng
082 _a515
_bGo 563 Me
_a515.8
100 _aGoldberg, Richard R. .
245 0 _aMethods of Real Analysis /
_cRichard R. Goldberg.
_hTextual Documents
250 _a1st ed. /
260 _aNew Delhi :
_bOxford & Ibh Publishing Co. ,
_c1964.
300 _a353p. :
_bill ;
_c24cm .
365 _aRs. 16.00
504 _aIndex
653 _aMathematics
653 _aReal Analysis
653 _aPG-Mathematics
653 _aG-Mathematics
942 _2ddc
_cBK
999 _c3674
_d3674